African history : a very short introduction

Αποθηκεύτηκε σε:
Λεπτομέρειες βιβλιογραφικής εγγραφής
Κύριος συγγραφέας: Parker, John, 1960-
Άλλοι συγγραφείς: Rathbone, Richard
Μορφή: Βιβλίο
Γλώσσα:English
Δημοσίευση: Oxford : Oxford University Press, 2007
Σειρά:Very short introductions ; ; 160
Θέματα:
Ετικέτες: Προσθήκη ετικέτας
Δεν υπάρχουν, Καταχωρήστε ετικέτα πρώτοι!

MARC

LEADER 00000cam a2200000 i 4500
001 1/3808
008 100128s2007 eng d
020 |a 978-0-19-280248-4 
035 |l 10106508 
040 |a GR-MY-UA  |b gre  |e aacr 
041 0 |a eng 
082 0 |a 960  |2 (22) 
100 1 |a Parker, John,   |d 1960- 
245 1 0 |a African history :  |b a very short introduction /  |c John Parker and Richard Rathbone 
260 |a Oxford :   |b Oxford University Press,   |c 2007 
300 |a 165 σ.;  |b εικ., χάρτες;  |c 18 εκ. 
490 1 |a Very short introductions  |v ; 160 
504 |a Βιβλιογραφία: σ. 151-160 
504 |a Ευρετήριο: σ. 161-165 
651 0 |a Africa  |x History. 
700 1 |a Rathbone, Richard. 
830 0 |a Very short introductions ;  |v ; 160 
852 |a INST  |b LESVOS  |e 20100128  |h 960 PAR  |p 005100045816  |q 005100045816  |t BK  |y 0 
901 |a BIBL1-2010-1 
909 |a Λ  |b 160686 
970 |a ΓΙΑΛΑΜΑ  |b ΜΑΡΙΑ  |z 2010/01/28